000 00639nam a2200277Ia 4500
005 20260324143927.0
008 008 260324s9999 xx 000 0 eng d
020 _a9781003049333
037 _aEBOOK
040 _aCRL
040 _beng
040 _cCRL
041 _2eng
041 _aeng
084 _qCRL
100 _aT. L. S. Sprigge
_91217444
245 4 _aThe Rational Foundations of Ethics
260 _bTaylor and Francis
260 _c1990
365 _a
365 _b170
856 _uhttp://www.taylorfrancis.com/books/9781003049333
942 _cEBOOK
999 _c1823428
_d1823428